Historia general de las misiones
Bewaard in:
| Hoofdauteurs: | , |
|---|---|
| Formaat: | Boek |
| Taal: | Spaans |
| Gepubliceerd in: |
Barcelona
Clie
2008
|
| Reeks: | Colección Historia
|
| Onderwerpen: | |
| Tags: |
Voeg label toe
Geen labels, Wees de eerste die dit record labelt!
|
MARC
| LEADER | 00000nam a2200000 a 4500 | ||
|---|---|---|---|
| 001 | UCH2895 | ||
| 003 | CL-VaPUC | ||
| 008 | 090702e20080000SP |||||||||||||||||spa|d | ||
| 020 | |a 9788482675206 | ||
| 082 | 0 | 4 | |a 266 |b GON |2 21 |
| 100 | |a González, Justo L |e author |9 537960 | ||
| 700 | 0 | |a Cardoza, Carlos F |e author |9 537961 | |
| 245 | 1 | 0 | |a Historia general de las misiones |
| 300 | |a 314 p | ||
| 942 | |c BK | ||
| 945 | |d 20090702 00:00:00 |a dcastane | ||
| 260 | |a Barcelona |b Clie |c 2008 | ||
| 650 | 7 | |a IGLESIA CATOLICA-HISTORIA |2 CL-VaPUC |9 257444 | |
| 650 | 0 | |a Cristianismo |9 257361 | |
| 650 | 7 | |a MISIONES CATOLICAS |2 CL-VaPUC |9 265978 | |
| 583 | |a last modification |c 20090702 00:00:00 |k Rodrigo Vera | ||
| 490 | 0 | |a Colección Historia | |
| 999 | |c 334556 |d 334554 | ||
| 952 | |0 0 |1 0 |4 0 |6 266_000000000000000_GON_2008 |7 0 |8 A |9 423658 |a BIBTEO |b BIBTEO |d 2019-11-22 |i 4569296 |o 266 GON 2008 |p 4569296 |r 2025-01-17 |w 2019-11-22 |y BK |k ICR | ||